Les 100 meilleurs clubs de football selon le classement UEFA en 2024 - Statistiques

Statistiques générales
  • Ce quiz a été pris 1 687 fois
  • Le résultat moyen est 42 sur 100
Statistiques - réponses
Hint Country Réponse % Correct
4 France Paris
97%
3 Espagne Real Madrid
97%
1 Angleterre Manchester City
96%
44 France Lyon
95%
47 France Marseille
93%
2 Allemagne Bayern Münich
91%
6 Italie Inter Milan
90%
9 Angleterre Manchester United
90%
5 Angleterre Liverpool
89%
11 Allemagne Borussia Dortmund
87%
8 Angleterre Chelsea
86%
33 Italie AC Milan
85%
12 Espagne FC Barcelone
85%
16 Italie Juventus
85%
21 Angleterre Arsenal
79%
18 Allemagne Bayer Leverkusen
76%
19 Portugal FC Porto
76%
17 Italie Naples
73%
23 Pays-bas Ajax Amsterdam
72%
20 Portugal SL Benfica
72%
14 Espagne Seville
71%
13 Espagne Atlético de Madrid
69%
46 France Lille
65%
7 Allemagne RB Leipzig
65%
10 Italie AS Roma
61%
30 Angleterre Tottenham
61%
31 Pays-bas PSV
60%
34 Portugal Sporting CP
60%
73 France AS Monaco
59%
35 Italie Lazio SS
58%
15 Espagne Villarreal
56%
83 Angleterre Aston Villa
53%
29 Belgique Club Brugge
53%
26 Ecosse Rangers
53%
45 France Rennes
53%
57 Ecosse Celtic
52%
65 Ukraine Dynamo Kiev
50%
91 Espagne Valence
50%
38 Espagne Real Sociedad
49%
22 Italie Atalanta Bergame
48%
58 Turquie Galatasaray
48%
55 Espagne Real Betis
48%
24 Angleterre West Ham
48%
28 Pays-bas Feyenoord
45%
95 France Nice
45%
42 Croatie Dinamo Zagreb
43%
37 Danemark Copenhague
41%
59 Italie Fiorentina
41%
41 Portugal FC Braga
38%
53 Suisse Young Boys
38%
74 Allemagne Union Berlin
36%
36 Suisse FC Bâle
35%
39 Autriche Salzbourg
35%
48 Serbie Etoile rouge de Belgrade
34%
56 Turquie Fenerbahce
34%
79 Tchèquie Sparta Prague
32%
82 Angleterre Brighton
28%
76 Angleterre Leicester
28%
32 Tchèquie Slavia Prague
28%
77 Allemagne Wolfsburg
27%
94 Israël Maccabi Haifa
26%
54 Israël Maccabi Tel aviv
26%
78 Russie Zenit
26%
99 Belgique Genk
24%
27 Allemagne Eintracht Frankfurt
22%
87 Suède Malmö
22%
25 Ukraine Shakhtar Donetsk
21%
96 Italie Torino
21%
40 Pays-bas AZ Alkmaar
20%
51 Grèce PAOK
18%
72 Belgique Union Saint-gilloise
18%
62 Norvège Bodo/Glimt
16%
88 Pologne Legia Varsovie
16%
80 Allemagne Monchengladbach
16%
60 Azerbaïdjan Qarabag
16%
61 Slovaquie Slovan Bratislava
16%
75 Belgique Antwerp
15%
100 Russie Lokomotiv Moscow
15%
92 Espagne Getafe
14%
98 Allemagne Hoffenheim
14%
85 Angleterre Wolverhampton
14%
97 Allemagne FC Cologne
13%
52 Hongrie Ferencvaros
13%
64 Norvège Molde
12%
50 Grèce Olympiacos
12%
69 Serbie Partizan
12%
86 Moldavie Sheriff Tiraspol
11%
70 Tchèquie Viktoria Plzen
11%
93 Espagne Espanyol
10%
67 Bulgarie Ludogorets
10%
89 Espagne Osasuna
10%
66 Roumanie CFR Cluj
9%
63 Turquie Istanbul Basaksehir
9%
49 Autriche Lask
9%
84 Angleterre Newcastle united
9%
90 Espagne Grenade
8%
43 Belgique Gant
7%
81 Pologne Leich Poznan
7%
71 Allemagne Freiburg
5%
68 Danemark Midtjylland
5%
Aucun quiz correspondant
Distribution des résultats
% des personnes avec chaque résultat
Percentile par nombre de réponses
Votre historique - résultats
Vous n’avez pas pris ce quiz